Movie Chain Quiz #2 - Statistics

General Stats
  • This quiz has been taken 1,329 times
    940 since last reset
  • The average score is 10 of 20
Answer Stats
Hint Answer % Correct
1996 Michael Jordan teams up with Bugs Bunny and co. Space Jam
87%
1984 Freddy Krueger kills his victims in their dreams A Nightmare on Elm Street
84%
2008 Liam Neeson will find you and kill you Taken
83%
2009 James Cameron recreates the Blue Man Group in space Avatar
77%
1998 Tom Hanks, Vin Diesel and Edward Burns rescue Matt Damon Saving Private Ryan
77%
1995 The sardonic cripple turns out to be Keyser Soze The Usual Suspects
56%
2008 Carl Allen can't seem to say no Yes Man
54%
1984 Young boy reads too much into a fantasy book with a luck dragon The Neverending Story
53%
1997 Demi Moore wants to be in the marines G.I. Jane
51%
1982 Harrison Ford hunts down replicas Blade Runner
45%
1979 Clint Eastwood tries to escape from prison Escape from Alcatraz
42%
1962 Peter O'Toole and Alec Guiness star in this biographical epic Lawrence of Arabia
39%
2013 Jared Leto in drag Dallas Buyers Club
38%
1964 Michael Caine doesn't like spears being chucked at him Zulu
36%
2006 Bio-drama on Idi Amin The Last King of Scotland
35%
2003 "I can't carry it for you, but I can carry you!" Lord of the Rings: The Return of the King
27%
1996 Slim Whitman is the key to defeating the aliens Mars Attacks!
26%
2004 For once, Nicholas Cage isn't going apeshit National Treasure
24%
1980 Robert De Niro is the boss Raging Bull
23%
1982 "I'll be right here!" E.T. the Extra-Terrestrial
19%
No matching quizzes found
Score Distribution
Percent of People with Each Score
Percentile by Number Answered
Your Score History
You have not taken this quiz since the last reset